000 00741nam a2200193Ia 4500
008 151121s9999||||xx |||||||||||||| ||und||
082 _a294।5/बेडेक
082 _bHNW-60323
100 _aबेडेकर दि।के।
245 _aधर्मश्रध्दा:एक पुनर्विचार
260 _b"मागोवा प्रकाशन, पुणे।"
260 _c--
300 _a77
600 _aबेडेकर दि।के।
630 _aधर्मश्रध्दा:एक पुनर्विचार
700 _aबेडेकर दि।के।
730 _aधर्मश्रध्दा:एक पुनर्विचार
942 _cBOOK
999 _c1241873
_d1241870